Innovation diffusion : A new perspective
This book diffusion research in geography thematic account. The market and infrastructure perspective. The market and infrastructure perspective. A note on the diffusion of innovation among firms.
Đã lưu trong:
| 主要作者: | |
|---|---|
| 格式: | 圖書 |
| 語言: | Undetermined |
| 出版: |
London
Methuen
1981
|
| 主題: | |
| 標簽: |
添加標簽
沒有標簽, 成為第一個標記此記錄!
|
| Thư viện lưu trữ: | Trung tâm Học liệu Trường Đại học Cần Thơ |
|---|
| LEADER | 00750nam a2200205Ia 4500 | ||
|---|---|---|---|
| 001 | CTU_228588 | ||
| 008 | 210402s9999 xx 000 0 und d | ||
| 082 | |a 338.06 | ||
| 082 | |b B877 | ||
| 100 | |a Brown, Lawrence A. | ||
| 245 | 0 | |a Innovation diffusion : | |
| 245 | 2 | |b A new perspective | |
| 245 | 0 | |c Lawrence A. Brown | |
| 260 | |a London | ||
| 260 | |b Methuen | ||
| 260 | |c 1981 | ||
| 520 | |a This book diffusion research in geography thematic account. The market and infrastructure perspective. The market and infrastructure perspective. A note on the diffusion of innovation among firms. | ||
| 650 | |a Đổi mới công nghệ,Technological innovations | ||
| 910 | |b dqhieu | ||
| 980 | |a Trung tâm Học liệu Trường Đại học Cần Thơ | ||